00278nam a2200109 a 450000500170000000800410001705000220005810000240008024500120010426000310011644000210014720140414131933.0110111s19uu xx 00 eng d aREF 530bC77 2000 aCooper, Christopher aMatter. bDorling Kindersley,c2000. aEyewitness books